000 01156nam a2200253Ia 4500
003 Ost
005 20260507075753.0
008 260507s9999||||xx |||||||||||||| ||und||
020 _a9789931140276
040 _cfsecg
041 _aara
082 _a658.8
100 _aيسمين، دروازي
_eمؤلف
245 0 _aالتسويق الدولي :
_bمقاربة غزو الأسواق الدولية /
_c دروازي يسمين
246 _aInternational Marketing: Approach To Conquering International Markets
260 _aالجزائر:
_bدار أجيال الرقمي ,
_c2023
300 _a149 صفحة؛
_bإيضاحات ؛
_c24 سم
504 _aببليوغرافيا: ص ص.147-148
520 _aيتطرق هذا الكتاب ستة فصول كما يلي: مدخل عام للتسويق، مدخل للتسويق الدولي، بيئة التسويق الدولي، بحوث التسويق الدولي، المزيج التسويقي الدولي، غزو الأسواق الدولية.
653 _aالأسواق الدولية
653 _aالتسويق
653 _aالتسويق الدولي
942 _cكتاب
999 _c46232
_d46232